|
|
|
|
| LEADER |
01217pam a22004098a 4500 |
| 001 |
00035654 |
| 005 |
20171026081025.0 |
| 008 |
161215s2005 ||||||Viesd |
| 041 |
0 |
# |
|a Vie
|
| 082 |
1 |
4 |
|b M558B
|a 352.3
|
| 245 |
0 |
0 |
|a Mười bước tiến tới hệ thống giám sát và đánh giá dựa trên kết quả
|c Jody Zall Kusek ; Ray C.Rist...[Và những người khác]
|b Sách tham khảo
|
| 260 |
# |
# |
|a Hà Nội
|c 2005
|b Văn hóa - Thông tin
|
| 300 |
# |
# |
|a 301tr.
|c 24cm.
|
| 653 |
# |
# |
|a Các nước phát triển
|
| 653 |
# |
# |
|a Hiệu năng của chính phủ
|
| 653 |
# |
# |
|a Đánh giá
|
| 700 |
1 |
# |
|a Hoàng Thanh Dương
|e Dịch
|
| 700 |
1 |
# |
|a Jody Zall Kusek
|
| 700 |
1 |
# |
|a Mai Kim Nga
|e Dịch
|
| 700 |
1 |
# |
|a Vũ Cương
|e Dịch
|
| 700 |
1 |
# |
|e Ray C.Rist
|
| 700 |
1 |
# |
|e Vũ Cương
|e Hiệu đính
|
| 852 |
# |
# |
|b Kho đọc
|j KD.0017544
|
| 852 |
# |
# |
|j KD.0017544
|
| 910 |
|
|
|d 15/12/2016
|
| 980 |
# |
# |
|a Trung tâm Học liệu Lê Vũ Hùng, Trường Đại học Đồng Tháp
|